[Event "Treviso op-C 4th"]
[Site "Treviso"]
[Date "2023.04.02"]
[Round "5"]
[White "Gardin, Devis"]
[Black "Marano, Maurizio"]
[Result "0-1"]
[WhiteElo "1075"]
[BlackElo "1056"]
[PlyCount "84"]
[EventDate "2023.03.31"]
[EventType "swiss"]
[EventRounds "5"]
[EventCountry "ITA"]
[SourceTitle "EXT 2024"]
[Source "ChessBase"]
[SourceDate "2023.10.10"]
[SourceVersion "1"]
[SourceVersionDate "2023.10.10"]
[SourceQuality "1"]

1. e4 e6 2. d4 d5 3. Nc3 Nf6 4. Bg5 Be7 5. e5 Nfd7 6. Bxe7 Qxe7 7. Bd3 a6 8. Nge2 c5 9. Ng3 cxd4 10. Nce2 Nxe5 11. Nxd4 Qb4+ 12. c3 Qxb2 13. Nde2 Nxd3+ 14. Kf1 Ne5 15. f4 Ng4 16. Kg1 Nc6 17. h3 Ne3 18. Qb1 Qxb1+ 19. Rxb1 b5 20. Kf2 Nc4 21. Rhe1 Rb8 22. f5 0-0 23. f6 g6 24. Nc1 Nd6 25. Nge2 Ne4+ 26. Ke3 Nxf6 27. g4 e5 28. Nb3 Be6 29. Nc5 d4+ 30. cxd4 exd4+ 31. Nxd4 Nxd4 32. Kxd4 Rbd8+ 33. Ke5 Nd7+ 34. Nxd7 Rxd7 35. Rb2 Kg7 36. Kf4 Rd4+ 37. Kg3 h6 38. Rbe2 b4 39. Rc2 Rc8 40. Rxe6 Rxc2 41. Rxa6 Rd3+ 42. Kh4 g5+ 0-1